India that is Bharat: coloniality, civilisation, constitution (Record no. 1218895)

MARC details
000 -LEADER
fixed length control field 00592nam a2200205Ia 4500
008 - FIXED-LENGTH DATA ELEMENTS--GENERAL INFORMATION
fixed length control field 241004s9999 xx 000 0 und d
020 ## - INTERNATIONAL STANDARD BOOK NUMBER
International Standard Book Number 97893543492
037 ## - SOURCE OF ACQUISITION
Stock number Textbook
040 ## - CATALOGING SOURCE
Original cataloging agency ARTS
Language of cataloging eng
Transcribing agency ARTS
041 ## - LANGUAGE CODE
Language code of text/sound track or separate title eng
Source of code eng
084 ## - COLON CLASSIFICATION NUMBER
Classification number V2 R1
Assigning agency ARTS
100 ## - MAIN ENTRY--PERSONAL NAME
Personal name Deepak J. Sai Au.
9 (RLIN) 724740
245 ## - TITLE STATEMENT
Title India that is Bharat: coloniality, civilisation, constitution
Statement of responsibility, etc. Deepak J. Sai Au.
260 ## - PUBLICATION, DISTRIBUTION, ETC.
Place of publication, distribution, etc. India
Name of publisher, distributor, etc. New Delhi Bloomsbury
Date of publication, distribution, etc. 2022
300 ## - PHYSICAL DESCRIPTION
Extent xxiv,460p.
365 ## - TRADE PRICE
Price type code INR
Price amount 799
650 ## - SUBJECT ADDED ENTRY--TOPICAL TERM
Topical term or geographic name entry element History-India
942 ## - ADDED ENTRY ELEMENTS (KOHA)
Koha item type Textbook
Classification part V2 R1
Holdings
Withdrawn status Lost status Source of classification or shelving scheme Damaged status Not for loan Home library Current library Date acquired Source of acquisition Cost, normal purchase price Inventory number Total Checkouts Full call number Barcode Date last seen Date last checked out Price effective from Koha item type
    Colon Classification (CC)     Arts Library Arts Library 2024-12-06 Shivam Book Service 799.00 145 & 19/01/2023 1 V2 R1 AL1666953 2026-02-18 2026-01-21 2024-10-04 Textbook
Copyright @ Delhi University Library System